000 01455cam a2200289zu 4500
001 88921882
003 FRCYB88921882
005 20251020123451.0
006 m o d
007 cr un
008 251020s2018 fr | o|||||0|0|||fre d
020 _a9782200614881
035 _aFRCYB88921882
040 _aFR-PaCSA
_bfr
_c
_erda
100 1 _aRoux, Alain
245 0 1 _aHistoire de la République Populaire de Chine
_bDe Mao Zedong à Xi Jinping
_c['Roux, Alain', 'Xiao-Planes, Xiaohong']
264 1 _bArmand Colin
_c2018
300 _a p.
336 _btxt
_2rdacontent
337 _bc
_2rdamdedia
338 _bc
_2rdacarrier
650 0 _a
700 0 _aRoux, Alain
700 0 _aXiao-Planes, Xiaohong
856 4 0 _2Cyberlibris
_uhttps://international.scholarvox.com/netsen/book/88921882
_qtext/html
_a
520 _aLa Chine est aujourd'hui la deuxième puissance économique de la planète. Ce manuel montre le développement spectaculaire de la Chine depuis les années 1980 et présente les spécificités d'un essor qui défie les catégories habituelles de la politique et de l'économie.En se basant sur l'historiographie très riche de ces dernières décennies et en analysant la plus récente actualité de ce pays de plus d'un milliard d'habitants, les auteurs, l'un français et l'autre chinoise, cet ouvrage retrace et éclaire l'histoire de la Chine populaire de l'avènement de Mao à nos jours.
999 _c1554335
_d1554335